Library of the University of Algiers 3
Ibrahim Sultan Cheibout
شعار جامعة الجزائر 3
مكتبة جامعة الجزائر 3
إبراهيم سلطان شيبوط

الأنماط الإستهلاكية والإدخارية في المجتمع البدوي : (رقم التسجيلة. 45321)

تفاصيل مارك
000 -LEADER
fixed length control field 01180nam a2200241Ia 4500
003 - CONTROL NUMBER IDENTIFIER
control field Ost
005 - DATE AND TIME OF LATEST TRANSACTION
control field 20260507075637.0
008 - FIXED-LENGTH DATA ELEMENTS--GENERAL INFORMATION
fixed length control field 260507s9999||||xx |||||||||||||| ||und||
020 ## - INTERNATIONAL STANDARD BOOK NUMBER
International Standard Book Number 3110219977
040 ## - CATALOGING SOURCE
Transcribing agency fsecg
041 ## - LANGUAGE CODE
Language code of text/sound track or separate title ara
082 ## - DEWEY DECIMAL CLASSIFICATION NUMBER
Classification number 307.772
100 ## - MAIN ENTRY--PERSONAL NAME
Personal name دعبس، محمد يسري ابراهيم
Relator term مؤلف
245 #0 - TITLE STATEMENT
Title الأنماط الإستهلاكية والإدخارية في المجتمع البدوي :
Remainder of title دراسة في الأنتروبولوجيا الإقتصادية /
Statement of responsibility, etc. محمد يسري ابراهيم دعبس
260 ## - PUBLICATION, DISTRIBUTION, ETC.
Place of publication, distribution, etc. الإسكندرية:
Name of publisher, distributor, etc. دار المعارف,
Date of publication, distribution, etc. 1996
300 ## - PHYSICAL DESCRIPTION
Extent 80 صفحة؛
Other physical details إيضاحات ؛
Dimensions 24 سم
490 ## - SERIES STATEMENT
Series statement سلسلة المعارف الإقتصادية والإدارية
Volume/sequential designation 17
520 ## - SUMMARY, ETC.
Summary, etc. أنماط التبادل في المجتمع البدوي- الأنماط الإستهلاكية والإدخارية في المجتمع البدوي- التراكم والإهدار للطاقة وللمواد في المجتمع البدوي
653 ## - INDEX TERM--UNCONTROLLED
Uncontrolled term الإدخار
653 ## - INDEX TERM--UNCONTROLLED
Uncontrolled term التبادل
653 ## - INDEX TERM--UNCONTROLLED
Uncontrolled term علم الاجتماع الاقتصادي، التجارة
942 ## - ADDED ENTRY ELEMENTS (KOHA)
Koha item type كتب
المقتنيات
Withdrawn status Lost status Source of classification or shelving scheme Damaged status Not for loan Home library Current library Date acquired Serial enumeration / chronology Inventory number Total checkouts Full call number Barcode Date last seen Price effective from Koha item type
    Dewey Decimal Classification   NOT LOAN / إعارة داخلية مكتبة كلية العلوم الإقتصادية والعلوم التجارية وعلوم التسيير مكتبة كلية العلوم الإقتصادية والعلوم التجارية وعلوم التسيير 07/05/2026 الطابق الأرضي 588/1   أ/588ن1 588/1 07/05/2026 07/05/2026 كتب

موارد الويب المفتوحة


© University of Algiers 3 All Rights Reserved
|
Implemented by LECHELAH Riad